| 000 | 00417nam a2200181Ia 4500 | ||
|---|---|---|---|
| 001 | 8661 | ||
| 003 | GE_BSU | ||
| 008 | 181216s||||||||xx |||||||||||||| ||und|| | ||
| 040 | _cGE_BSU | ||
| 245 | _aLe Point. №2153-2154. 19-26 decembre 2013. | ||
| 245 | _b№2153-2154. | ||
| 245 | _c19-26 decembre 2013. | ||
| 260 | _aParis | ||
| 260 | _c2013 | ||
| 300 | _a146p.27cm. ill. | ||
| 653 | _aLe Point | ||
| 942 | _cCR | ||
| 999 |
_c41977 _d41977 |
||